000
00344nam a2200145Ia 4500
008
231129s1998||||xx |||||||||||||| ||spa||
020
_a
970-643-072-5
040
_b
spa
082
_a
616.238 R643a
100
_a
Roberts Ron
245
0
_a
Asma
260
_c
1998
264
_a
Selector
942
_2
ddc
_c
BKS
999
_c
5724
_d
5724